|
|
|
|
| LEADER |
00000cam a22000004a 4500 |
| 001 |
musev2_6418 |
| 003 |
MdBmJHUP |
| 005 |
20230905040742.0 |
| 006 |
m o d |
| 007 |
cr||||||||nn|n |
| 008 |
040722s2005 miu o 00 0 eng d |
| 010 |
|
|
|z 2004017197
|
| 020 |
|
|
|a 9780472023080
|
| 020 |
|
|
|z 9780472098798
|
| 020 |
|
|
|z 9780472068791
|
| 035 |
|
|
|a (OCoLC)608108543
|
| 040 |
|
|
|a MdBmJHUP
|c MdBmJHUP
|
| 100 |
1 |
|
|a Bobrow, Davis B.
|
| 245 |
1 |
0 |
|a Defensive Internationalism :
|b Providing Public Goods in an Uncertain World /
|c Davis B. Bobrow & Mark A. Boyer.
|
| 264 |
|
1 |
|a Ann Arbor :
|b University of Michigan Press,
|c 2005.
|
| 264 |
|
3 |
|a Baltimore, Md. :
|b Project MUSE,
|c 2012
|
| 264 |
|
4 |
|c ©2005.
|
| 300 |
|
|
|a 1 online resource (424 pages):
|b illustrations ;
|
| 336 |
|
|
|a text
|b txt
|2 rdacontent
|
| 337 |
|
|
|a computer
|b c
|2 rdamedia
|
| 338 |
|
|
|a online resource
|b cr
|2 rdacarrier
|
| 505 |
0 |
|
|a Understanding defensive internationalism: black, white, or shades of gray -- Clubs, identities, and institutions: a tale of overlapping interests -- Domestic support for contributions: how stable and strong? -- International development assistance -- International debt management and relief -- United Nations peacekeeping operations -- Pursuing international environmental quality -- A global prognosis of muted optimism?
|
| 588 |
|
|
|a Description based on print version record.
|
| 650 |
|
7 |
|a Internationalism.
|2 sao
|
| 650 |
|
7 |
|a Kollektiva nyttigheter.
|2 sao
|
| 650 |
|
7 |
|a Säkerhetspolitik.
|2 sao
|
| 650 |
|
7 |
|a Securite internationale.
|2 rasuqam
|
| 650 |
|
7 |
|a Internationalisme.
|2 rasuqam
|
| 650 |
|
7 |
|a Gouvernance mondiale.
|2 rasuqam
|
| 650 |
|
7 |
|a Aide internationale.
|2 rasuqam
|
| 650 |
|
7 |
|a Security, International.
|2 nli
|
| 650 |
|
7 |
|a Public goods.
|2 nli
|
| 650 |
|
7 |
|a Economic assistance.
|2 nli
|
| 650 |
|
7 |
|a Internationalism.
|2 nli
|
| 650 |
|
7 |
|a Öffentliches Gut
|2 gnd
|
| 650 |
|
7 |
|a Kollektive Sicherheit
|2 gnd
|
| 650 |
|
7 |
|a Internationalismus
|2 gnd
|
| 650 |
|
7 |
|a Entwicklungshilfe
|2 gnd
|
| 650 |
|
7 |
|a Security, International.
|2 fast
|0 (OCoLC)fst01110895
|
| 650 |
|
7 |
|a Public goods.
|2 fast
|0 (OCoLC)fst01082230
|
| 650 |
|
7 |
|a Internationalism.
|2 fast
|0 (OCoLC)fst00977173
|
| 650 |
|
7 |
|a Economic assistance.
|2 fast
|0 (OCoLC)fst00901592
|
| 650 |
|
7 |
|a assistance.
|2 aat
|
| 650 |
|
7 |
|a internationalism.
|2 aat
|
| 650 |
|
6 |
|a Securite internationale.
|
| 650 |
|
6 |
|a Biens collectifs.
|
| 650 |
|
6 |
|a Aide economique.
|
| 650 |
|
6 |
|a Internationalisme.
|
| 650 |
|
0 |
|a Security, International.
|
| 650 |
|
0 |
|a Public goods.
|
| 650 |
|
0 |
|a Economic assistance.
|
| 650 |
|
0 |
|a Internationalism.
|
| 600 |
1 |
7 |
|a Schuetz, Alb.
|2 gnd
|
| 655 |
|
7 |
|a Electronic books.
|2 local
|
| 700 |
1 |
|
|a Boyer, Mark A.
|
| 710 |
2 |
|
|a Project Muse.
|e distributor
|
| 830 |
|
0 |
|a Book collections on Project MUSE.
|
| 856 |
4 |
0 |
|z Texto completo
|u https://projectmuse.uam.elogim.com/book/6418/
|
| 945 |
|
|
|a Project MUSE - Custom Collection
|
| 945 |
|
|
|a Project MUSE - Archive Complete Foundation
|
| 945 |
|
|
|a Project MUSE - Archive Political Science and Policy Studies Foundation
|